| 000 | 00872nam a22002777a 4500 | ||
|---|---|---|---|
| 003 | CHAP | ||
| 005 | 20220329134835.0 | ||
| 008 | 971013s1984 r 00010 d | ||
| 010 | _a26783 | ||
| 011 | _a27755 | ||
| 035 | _a31856 | ||
| 040 | _cCHAP | ||
| 090 | _aFolleto 10346 | ||
| 110 |
_aInstituto Mexicano de Comercio Exterior _959249 |
||
| 245 |
_aMéxico _b: la industria maquiladora una alternativa para su intervención |
||
| 260 |
_aMéxico, D.F. : _bEl Instituto, _c1984 |
||
| 300 | _a81 p | ||
| 590 |
_aBATCH-UPD _b10 _c20130110 _lUCH01 _h1604 |
||
| 590 |
_aBATCH-UPD _b10 _c20130410 _lUCH01 _h1001 |
||
| 590 |
_aBATCH-UPD _b10 _c20130914 _lUCH01 _h1636 |
||
| 590 |
_aCONVERSION _b10 _c20130109 _lUCH01 _h1315 |
||
| 650 | 1 | 4 |
_aIndustria maquiladora _zMéxico. _957903 |
| 901 | _aBK | ||
| 942 | _cFOLL | ||
| 949 |
_aFolleto 10346 _bBC _cFOLL _d-73683 _eTS1 _i31856 _mD _si |
||
| 999 |
_c26783 _d26783 |
||